[Event "San Francisco TNM Wilkerson U2000 op"]
[Site "San Francisco"]
[Date "2020.02.04"]
[Round "4"]
[White "Abraham, Renjish"]
[Black "Mercado, Adam"]
[Result "0-1"]
[WhiteElo "1892"]
[BlackElo "1709"]
[PlyCount "44"]
[EventDate "2020.01.07"]
[EventType "swiss"]
[EventRounds "7"]
[EventCountry "USA"]
[SourceTitle "EXT 2021"]
[Source "ChessBase"]
[SourceDate "2020.10.23"]
[SourceVersion "1"]
[SourceVersionDate "2020.10.23"]
[SourceQuality "1"]

1. c4 e6 2. g3 d5 3. cxd5 exd5 4. Bg2 c6 5. Nf3 Nf6 6. 0-0 Bd6 7. d3 0-0 8. Nc3 Bg4 9. Qb3 Qc8 10. e4 Be6 11. Nd4 Bc5 12. Nxe6 fxe6 13. Bh3 b6 14. Bg5 Qe8 15. Rae1 Kh8 16. exd5 Qh5 17. Bxf6 Qxh3 18. Be5 Nd7 19. d4 Nxe5 20. Rxe5 Bxd4 21. Rxe6 Rf5 22. Ne2 Rh5 0-1

[Event "San Francisco TNM Wilkerson U2000 op"]
[Site "San Francisco"]
[Date "2020.01.14"]
[Round "2"]
[White "Abraham, Renjish"]
[Black "Acosta, Anthony Robert"]
[Result "1/2-1/2"]
[WhiteElo "1892"]
[BlackElo "1710"]
[PlyCount "93"]
[EventDate "2020.01.07"]
[EventType "swiss"]
[EventRounds "7"]
[EventCountry "USA"]
[SourceTitle "EXT 2021"]
[Source "ChessBase"]
[SourceDate "2020.10.23"]
[SourceVersion "1"]
[SourceVersionDate "2020.10.23"]
[SourceQuality "1"]

1. c4 f5 2. g3 Nf6 3. Bg2 g6 4. Nf3 Bg7 5. d4 0-0 6. 0-0 d6 7. Nc3 c6 8. Re1 h6 9. e4 e6 10. Qb3 Kh7 11. exf5 exf5 12. d5 c5 13. Bd2 a6 14. Na4 b5 15. Nc3 b4 16. Ne2 a5 17. a4 Ne4 18. Rad1 Nxd2 19. Rxd2 Re8 20. Qd3 Ra7 21. b3 Rae7 22. Ra2 Nd7 23. Kf1 Ne5 24. Nxe5 Rxe5 25. h3 Qf6 26. Qf3 Qe7 27. Rc2 Bd7 28. Qd3 Qf6 29. Rd1 Qe7 30. Bf3 Bf6 31. Kg2 Kg7 32. Ng1 Bg5 33. Re2 f4 34. Rde1 fxg3 35. Rxe5 dxe5 36. fxg3 h5 37. Be4 Qd6 38. Nf3 Bd8 39. Qe3 Bf6 40. Nd2 Qe7 41. Qd3 Qf7 42. Rf1 Rf8 43. Nf3 Qe8 44. d6 Qe6 45. Ng1 Be8 46. Nf3 Bd7 47. Ng1 1/2-1/2

[Event "San Francisco TNM Spring op"]
[Site "San Francisco"]
[Date "2015.04.28"]
[Round "7"]
[White "Klinetobe, David"]
[Black "Abraham, Renjish"]
[Result "0-1"]
[WhiteElo "2008"]
[BlackElo "1837"]
[PlyCount "92"]
[EventDate "2015.03.17"]
[EventType "swiss"]
[EventRounds "8"]
[EventCountry "USA"]
[SourceTitle "EXT 2016"]
[Source "ChessBase"]
[SourceDate "2015.10.08"]
[SourceVersion "1"]
[SourceVersionDate "2015.10.08"]
[SourceQuality "1"]

1. e4 c5 2. Nf3 d6 3. d4 cxd4 4. Nxd4 Nf6 5. Nc3 a6 6. Be3 e6 7. Be2 Be7 8. 0-0 0-0 9. f4 Qc7 10. a4 Nbd7 11. Qe1 Re8 12. Qg3 g6 13. f5 e5 14. fxg6 hxg6 15. Nf5 Nc5 16. Nh6+ Kg7 17. Nf5+ Bxf5 18. exf5 Nce4 19. Nxe4 Nxe4 20. Qf3 Nf6 21. g4 Bd8 22. g5 Nh5 23. f6+ Kh7 24. Qh3 Rh8 25. Ra3 Kg8 26. Rc3 Nf4 27. Qg4 Nxe2+ 28. Qxe2 Qd7 29. Bd2 Bb6+ 30. Be3 Ba5 31. Rc4 d5 32. Rg4 d4 33. Bf2 Bc7 34. Qe4 Rb8 35. Rh4 Rxh4 36. Qxh4 Bd6 37. Be1 Qc6 38. Qg4 Bc5 39. Bf2 e4 40. Qh4 e3 41. b4 exf2+ 42. Rxf2 Bxb4 43. Qh3 d3 44. cxd3 Qc1+ 45. Kg2 Qxg5+ 46. Kf1 Re8 0-1

[Event "San Francisco TNM Spring op"]
[Site "San Francisco"]
[Date "2015.03.31"]
[Round "3"]
[White "Abraham, Renjish"]
[Black "Grey, Peter G"]
[Result "1/2-1/2"]
[WhiteElo "1837"]
[BlackElo "2000"]
[PlyCount "65"]
[EventDate "2015.03.17"]
[EventType "swiss"]
[EventRounds "8"]
[EventCountry "USA"]
[SourceTitle "EXT 2016"]
[Source "ChessBase"]
[SourceDate "2015.10.08"]
[SourceVersion "1"]
[SourceVersionDate "2015.10.08"]
[SourceQuality "1"]

1. c4 Nf6 2. g3 c5 3. Bg2 d5 4. cxd5 Nxd5 5. Nc3 Nc7 6. Nf3 Nc6 7. 0-0 e5 8. e3 Be7 9. a3 0-0 10. Qe2 Bf5 11. Ne1 Qd7 12. f4 Bg4 13. Bxc6 bxc6 14. Qd3 f6 15. Qxd7 Bxd7 16. f5 g6 17. g4 gxf5 18. gxf5 Kf7 19. d3 Rg8+ 20. Kh1 Rg4 21. e4 Rag8 22. Be3 Nb5 23. Nxb5 cxb5 24. h3 Rg3 25. Rf3 Rxf3 26. Nxf3 a5 27. Kh2 Rc8 28. Nd2 a4 29. Rc1 Rc6 30. Kg3 Rc8 31. Kf3 Rc6 32. Ke2 Rc8 33. Kf3 1/2-1/2

[Event "San Francisco TNM Fall op"]
[Site "San Francisco"]
[Date "2014.12.09"]
[Round "7"]
[White "Abraham, Renjish"]
[Black "Sahin, Ozgur D"]
[Result "1/2-1/2"]
[WhiteElo "1840"]
[BlackElo "1969"]
[PlyCount "98"]
[EventDate "2014.10.21"]
[EventType "swiss"]
[EventRounds "8"]
[EventCountry "USA"]
[SourceTitle "EXT 2016"]
[Source "ChessBase"]
[SourceDate "2015.10.08"]
[SourceVersion "1"]
[SourceVersionDate "2015.10.08"]
[SourceQuality "1"]

1. c4 e5 2. g3 Nf6 3. Bg2 Nc6 4. Nf3 Bc5 5. 0-0 d6 6. Nc3 0-0 7. a3 a6 8. e3 h6 9. b4 Ba7 10. d3 Rb8 11. Qa4 Bf5 12. Rd1 Ne7 13. d4 exd4 14. exd4 c6 15. c5 Ng6 16. d5 cxd5 17. Nxd5 dxc5 18. Nxf6+ Qxf6 19. Be3 Bg4 20. Ne1 Bxd1 21. Rxd1 Qe7 22. Rd7 Qe8 23. Qd1 Qc8 24. Qd3 Rd8 25. Rxd8+ Qxd8 26. Qxd8+ Rxd8 27. Bxb7 Rd1 28. Kf1 Ra1 29. bxc5 Rxa3 30. c6 Bxe3 31. fxe3 Rc3 32. Bxa6 Rxc6 33. Be2 Ne5 34. Kf2 f5 35. Nd3 Nxd3+ 36. Bxd3 Kf7 37. Kf3 Kf6 38. h3 Ke5 39. g4 fxg4+ 40. hxg4 g5 41. Bh7 Rf6+ 42. Ke2 Rb6 43. Kf3 Rb2 44. Bg6 Kf6 45. Be8 Rh2 46. Kg3 Rh1 47. Kg2 Rh4 48. Kg3 Ke5 49. Bg6 Rh1 1/2-1/2

[Event "San Francisco TNM Fall op"]
[Site "San Francisco"]
[Date "2014.11.26"]
[Round "5"]
[White "Eytan, David"]
[Black "Abraham, Renjish"]
[Result "1/2-1/2"]
[WhiteElo "1496"]
[BlackElo "1840"]
[PlyCount "89"]
[EventDate "2014.10.21"]
[EventType "swiss"]
[EventRounds "8"]
[EventCountry "USA"]
[SourceTitle "EXT 2016"]
[Source "ChessBase"]
[SourceDate "2015.10.08"]
[SourceVersion "1"]
[SourceVersionDate "2015.10.08"]
[SourceQuality "1"]

1. e4 c5 2. Nf3 d6 3. Nc3 Nc6 4. d4 cxd4 5. Nxd4 Nf6 6. Be3 e5 7. Nxc6 bxc6 8. Qd2 Be7 9. Be2 Be6 10. 0-0 0-0 11. f3 d5 12. exd5 cxd5 13. Bg5 Qb6+ 14. Kh1 d4 15. Na4 Qc6 16. b3 h6 17. Bh4 Rfd8 18. Nb2 e4 19. Bxf6 Bxf6 20. fxe4 Bg5 21. Qd3 Rac8 22. Nc4 Bxc4 23. bxc4 Re8 24. Qf3 Bf6 25. Bd3 Re5 26. Rab1 a6 27. Rb3 Qe6 28. Rb7 Rf8 29. Rfb1 Rc5 30. g3 Be5 31. Qh5 Bxg3 32. Qf3 Bc7 33. Rg1 Qc6 34. Rbb1 Qd6 35. Rg2 Rg5 36. Rbg1 Qe5 37. Qh3 Rxg2 38. Rxg2 Kh8 39. Qf5 Qxf5 40. exf5 Re8 41. c5 Re5 42. c6 a5 43. Rg4 Bb6 44. Kg2 Rc5 45. Re4 1/2-1/2

[Event "San Francisco TNM Fall op"]
[Site "San Francisco"]
[Date "2014.10.21"]
[Round "1"]
[White "Frank, Robert"]
[Black "Abraham, Renjish"]
[Result "0-1"]
[WhiteElo "1286"]
[BlackElo "1840"]
[PlyCount "104"]
[EventDate "2014.10.21"]
[EventType "swiss"]
[EventRounds "8"]
[EventCountry "USA"]
[SourceTitle "EXT 2016"]
[Source "ChessBase"]
[SourceDate "2015.10.08"]
[SourceVersion "1"]
[SourceVersionDate "2015.10.08"]
[SourceQuality "1"]

1. d4 d5 2. Nf3 e6 3. e3 c5 4. c3 Nc6 5. Bd3 Nf6 6. Nbd2 cxd4 7. cxd4 Be7 8. 0-0 0-0 9. a3 Bd7 10. b4 Rc8 11. Bb2 a6 12. Rc1 b5 13. Nb3 Qb6 14. Nc5 Rc7 15. Nxd7 Nxd7 16. Qc2 g6 17. e4 Rfc8 18. Qb1 a5 19. exd5 exd5 20. bxa5 Nxa5 21. Qa2 Nc4 22. Bxc4 bxc4 23. Bc3 Ra7 24. Ra1 Rxa3 25. Qb2 Rb3 26. Qc1 Nf6 27. Nd2 Rb5 28. Rb1 Rb8 29. Rxb5 Qxb5 30. Qb1 Qxb1 31. Rxb1 Rxb1+ 32. Nxb1 Kg7 33. f3 Nd7 34. Kf2 f5 35. Ke3 Bg5+ 36. f4 Be7 37. Be1 Kf7 38. h4 Ke6 39. Nc3 Bb4 40. Kd2 Nf6 41. Ke2 Bxc3 42. Bxc3 Ne4 43. Bb4 Kd7 44. Kd1 Kc6 45. Kc2 Kb5 46. Be1 Ka4 47. Kb2 c3+ 48. Bxc3 Nxc3 49. Kxc3 Ka3 50. Kc2 Kb4 51. Kd3 Kb3 52. g3 h5 0-1

[Event "San Francisco TNM Summer op"]
[Site "San Francisco"]
[Date "2014.06.10"]
[Round "3"]
[White "James, Charles"]
[Black "Abraham, Renjish"]
[Result "1-0"]
[WhiteElo "1517"]
[BlackElo "1859"]
[PlyCount "73"]
[EventDate "2014.05.27"]
[EventType "swiss"]
[EventRounds "8"]
[EventCountry "USA"]
[SourceTitle "EXT 2016"]
[Source "ChessBase"]
[SourceDate "2015.10.08"]
[SourceVersion "1"]
[SourceVersionDate "2015.10.08"]
[SourceQuality "1"]

1. d4 d5 2. c4 e6 3. Nc3 Nf6 4. cxd5 exd5 5. Bg5 Be7 6. f3 0-0 7. Qc2 c6 8. e3 b5 9. a3 a5 10. Bd3 g6 11. Nge2 Re8 12. 0-0 Nh5 13. Bxe7 Qxe7 14. e4 dxe4 15. Nxe4 Be6 16. Rae1 Rc8 17. Nc5 Nd7 18. Nxe6 fxe6 19. g4 Ng7 20. Nf4 Qd6 21. Ne2 Nf6 22. h3 Nd5 23. Qd2 Ne8 24. f4 Rc7 25. Ng3 Rf7 26. Ne4 Qc7 27. Ng5 Rxf4 28. Nxe6 Rxf1+ 29. Kxf1 Qf7+ 30. Kg1 Nef6 31. Qc2 Re8 32. Qxc6 Nf4 33. Bxb5 Rxe6 34. Rxe6 Qxe6 35. Bc4 N6d5 36. Qxe6+ Nxe6 37. Bxd5 1-0

[Event "San Francisco TNM Summer op"]
[Site "San Francisco"]
[Date "2013.06.11"]
[Round "3"]
[White "Murilo, Filho"]
[Black "Abraham, Renjish"]
[Result "0-1"]
[WhiteElo "1760"]
[BlackElo "1878"]
[PlyCount "48"]
[EventDate "2013.05.28"]
[EventType "swiss"]
[EventRounds "8"]
[EventCountry "USA"]
[SourceTitle "EXT 2016"]
[Source "ChessBase"]
[SourceDate "2015.10.08"]
[SourceVersion "1"]
[SourceVersionDate "2015.10.08"]
[SourceQuality "1"]

1. d4 Nf6 2. Nf3 g6 3. g3 Bg7 4. Bg2 0-0 5. 0-0 d5 6. b3 e6 7. Bb2 Nbd7 8. Nbd2 c5 9. e3 b5 10. Rc1 Rb8 11. dxc5 Nxc5 12. Be5 Rb6 13. Qe2 Nfd7 14. Bxg7 Kxg7 15. c4 bxc4 16. bxc4 Ba6 17. Rfd1 Rb2 18. Qe1 Nd3 19. Qf1 Nxc1 20. Rxc1 Qa5 21. Qd1 Rxa2 22. Nb3 Qa4 23. cxd5 exd5 24. Qxd5 Nf6 0-1

[Event "San Francisco TNM Fall op"]
[Site "San Francisco"]
[Date "2012.11.06"]
[Round "4"]
[White "Mar, Henry"]
[Black "Abraham, Renjish"]
[Result "0-1"]
[WhiteElo "1509"]
[BlackElo "1877"]
[PlyCount "80"]
[EventDate "2012.10.16"]
[EventType "swiss"]
[EventRounds "9"]
[EventCountry "USA"]
[SourceTitle "EXT 2014"]
[Source "ChessBase"]
[SourceDate "2013.11.20"]
[SourceVersion "1"]
[SourceVersionDate "2013.11.20"]
[SourceQuality "1"]

1. e4 c5 2. d3 Nc6 3. Nf3 g6 4. g3 Bg7 5. Bg2 Nf6 6. 0-0 0-0 7. Re1 e6 8. Bg5 Qb6 9. c3 d5 10. e5 Nd7 11. Bf4 h6 12. h4 Qxb2 13. Qe2 Qxe2 14. Rxe2 b5 15. Na3 Ba6 16. Rd1 b4 17. Nb1 Rac8 18. c4 dxc4 19. dxc4 Nb6 20. Nbd2 Na5 21. Ne4 Naxc4 22. Nf6+ Bxf6 23. exf6 Kh7 24. Ree1 Nd5 25. Be5 Nxe5 26. Nxe5 Nxf6 27. Nc6 Rc7 28. Bf3 Bb7 29. Ne5 Bxf3 30. Nxf3 Nd5 31. Ne5 c4 32. Rc1 c3 33. Nd3 a5 34. Rc2 Rb8 35. Re4 a4 36. Nc1 b3 37. axb3 axb3 38. Nxb3 Rxb3 39. Ree2 Rcb7 40. f4 Rb2 0-1

[Event "San Francisco TNM Marathon op"]
[Site "San Francisco"]
[Date "2012.08.14"]
[Round "3"]
[White "Abraham, Renjish"]
[Black "Hack, Richard"]
[Result "1/2-1/2"]
[WhiteElo "1877"]
[BlackElo "1666"]
[PlyCount "120"]
[EventDate "2012.07.31"]
[EventType "swiss"]
[EventRounds "9"]
[EventCountry "USA"]
[SourceTitle "EXT 2014"]
[Source "ChessBase"]
[SourceDate "2013.11.20"]
[SourceVersion "1"]
[SourceVersionDate "2013.11.20"]
[SourceQuality "1"]

1. c4 f5 2. d4 g6 3. g3 Nf6 4. Bg2 Bg7 5. Nf3 0-0 6. 0-0 d6 7. Nc3 Qe8 8. e4 e5 9. exf5 gxf5 10. dxe5 dxe5 11. Be3 c6 12. Bc5 Rf7 13. Bd6 Nfd7 14. c5 Na6 15. Qb3 Ndxc5 16. Qc4 Be6 17. Qh4 Bf6 18. Qh6 Bc4 19. Rfd1 Bg7 20. Qg5 h6 21. Qg6 Rf8 22. Nxe5 Qxg6 23. Nxg6 Rf6 24. Nf4 Nd3 25. Nxd3 Rxd6 26. Nf4 Rad8 27. Bf3 Nc5 28. Rxd6 Rxd6 29. Rd1 Rxd1+ 30. Bxd1 Nd3 31. Nxd3 Bxd3 32. Bb3+ Kf8 33. Be6 b5 34. Bd7 b4 35. Na4 Be4 36. Nc5 Ke7 37. Nxe4 Kxd7 38. Nc5+ Kd6 39. Nd3 c5 40. b3 Kd5 41. Nc1 c4 42. Kf1 Bb2 43. Ne2 c3 44. Ke1 Ke4 45. Kd1 h5 46. Kc2 Kf3 47. Nd4+ Kxf2 48. Nxf5 Kg2 49. Ng7 Kxh2 50. Nxh5 Kh3 51. Nf4+ Kxg3 52. Nd3 Ba3 53. Ne5 Kf4 54. Nc6 a6 55. Nb8 Ke4 56. Nxa6 Kd4 57. Nb8 Kc5 58. Nd7+ Kd4 59. Nb6 Bb2 60. Nc4 Ba1 1/2-1/2

[Event "San Francisco TNM Marathon op"]
[Site "San Francisco"]
[Date "2012.08.07"]
[Round "2"]
[White "Margulis, Igor"]
[Black "Abraham, Renjish"]
[Result "1-0"]
[WhiteElo "2100"]
[BlackElo "1877"]
[PlyCount "51"]
[EventDate "2012.07.31"]
[EventType "swiss"]
[EventRounds "9"]
[EventCountry "USA"]
[SourceTitle "EXT 2014"]
[Source "ChessBase"]
[SourceDate "2013.11.20"]
[SourceVersion "1"]
[SourceVersionDate "2013.11.20"]
[SourceQuality "1"]

1. e4 c5 2. Nf3 d6 3. c3 Nf6 4. e5 dxe5 5. Nxe5 e6 6. Bb5+ Nbd7 7. Qa4 Qc7 8. Nxd7 Nxd7 9. d4 cxd4 10. Qxd4 e5 11. Qh4 Be7 12. Qg3 0-0 13. 0-0 a6 14. Ba4 b5 15. Bc2 g6 16. Bh6 Re8 17. Nd2 Bb7 18. Nf3 Bd6 19. Ng5 Nf6 20. Rad1 Nh5 21. Qd3 Bf8 22. Bxf8 Rxf8 23. Qd7 Qxd7 24. Rxd7 Bc8 25. Re7 h6 26. Nxf7 1-0

[Event "San Francisco TNM Marathon op"]
[Site "San Francisco"]
[Date "2012.07.31"]
[Round "1"]
[White "Abraham, Renjish"]
[Black "Rubandhas, Samprabhu"]
[Result "1-0"]
[WhiteElo "1877"]
[BlackElo "1303"]
[PlyCount "67"]
[EventDate "2012.07.31"]
[EventType "swiss"]
[EventRounds "9"]
[EventCountry "USA"]
[SourceTitle "EXT 2014"]
[Source "ChessBase"]
[SourceDate "2013.11.20"]
[SourceVersion "1"]
[SourceVersionDate "2013.11.20"]
[SourceQuality "1"]

1. c4 e5 2. g3 Nf6 3. Bg2 Be7 4. Nf3 d6 5. 0-0 0-0 6. Nc3 Bg4 7. Qb3 Qc8 8. Nxe5 Nc6 9. Nxc6 bxc6 10. Bxc6 Rb8 11. Qa4 Rb6 12. Bg2 Ra6 13. Qc2 Bh3 14. d4 c6 15. b4 d5 16. c5 Qg4 17. Qd3 Bxg2 18. Kxg2 Qc8 19. a4 Ne8 20. e4 Nc7 21. Re1 Nb5 22. Nxb5 cxb5 23. Qxb5 Re6 24. e5 f5 25. f4 a6 26. Qd3 Qe8 27. b5 Qh5 28. Qf3 Qg6 29. Qxd5 Rd8 30. Qc4 h5 31. d5 h4 32. dxe6 Qg4 33. Qe2 h3+ 34. Kf1 1-0

[Event "San Francisco TNM Spring op"]
[Site "San Francisco"]
[Date "2012.04.10"]
[Round "5"]
[White "Abraham, Renjish"]
[Black "Lee, Andy C"]
[Result "0-1"]
[WhiteElo "1862"]
[BlackElo "2279"]
[PlyCount "54"]
[EventDate "2012.03.13"]
[EventType "swiss"]
[EventRounds "8"]
[EventCountry "USA"]
[SourceTitle "EXT 2014"]
[Source "ChessBase"]
[SourceDate "2013.11.20"]
[SourceVersion "1"]
[SourceVersionDate "2013.11.20"]
[SourceQuality "1"]

1. d4 e6 2. e4 d5 3. e5 c5 4. c3 Qb6 5. Nf3 Nc6 6. a3 Nh6 7. b4 cxd4 8. Bxh6 gxh6 9. cxd4 Rg8 10. Nc3 Rg4 11. h3 Rf4 12. g3 Rxf3 13. Qxf3 Qxd4 14. Qd3 Nxe5 15. Qxd4 Nf3+ 16. Kd1 Nxd4 17. Nb5 Nxb5 18. Bxb5+ Ke7 19. Ke2 e5 20. Rhd1 d4 21. h4 Bg7 22. Rac1 Kd6 23. Rc5 e4 24. Rdc1 Bg4+ 25. Ke1 d3 26. Rc7 Bb2 27. R1c5 Bxa3 0-1

[Event "San Francisco TNM Spring op"]
[Site "San Francisco"]
[Date "2012.03.27"]
[Round "3"]
[White "Abraham, Renjish"]
[Black "Chadwick, Richard"]
[Result "1-0"]
[WhiteElo "1862"]
[BlackElo "1600"]
[PlyCount "73"]
[EventDate "2012.03.13"]
[EventType "swiss"]
[EventRounds "8"]
[EventCountry "USA"]
[SourceTitle "EXT 2014"]
[Source "ChessBase"]
[SourceDate "2013.11.20"]
[SourceVersion "1"]
[SourceVersionDate "2013.11.20"]
[SourceQuality "1"]

1. c4 e5 2. g3 c6 3. Bg2 Bc5 4. Nc3 Nf6 5. d3 h6 6. Nf3 d6 7. a3 a6 8. b4 Ba7 9. 0-0 0-0 10. Bb2 Re8 11. Qc2 Bf5 12. Rad1 Nbd7 13. a4 Rc8 14. Nd2 Qe7 15. Qb3 Nf8 16. b5 Ne6 17. Nce4 Nd4 18. Bxd4 Bxd4 19. e3 Ba7 20. b6 Bb8 21. Nxf6+ Qxf6 22. a5 Qe6 23. e4 Bh3 24. Rfe1 Bxg2 25. Kxg2 Kh8 26. Nf3 c5 27. Nh4 Rf8 28. Qc2 f5 29. exf5 Rxf5 30. Nxf5 Qxf5 31. Qe2 Rf8 32. Rf1 Re8 33. Qe4 Qf7 34. Rde1 Rf8 35. Re3 Qd7 36. Rf3 Rd8 37. Qd5 1-0

[Event "San Francisco TNM Spring op"]
[Site "San Francisco"]
[Date "2012.03.13"]
[Round "1"]
[White "Abraham, Renjish"]
[Black "Cowgill, Jackie P"]
[Result "1-0"]
[WhiteElo "1862"]
[BlackElo "822"]
[PlyCount "51"]
[EventDate "2012.03.13"]
[EventType "swiss"]
[EventRounds "8"]
[EventCountry "USA"]
[SourceTitle "EXT 2014"]
[Source "ChessBase"]
[SourceDate "2013.11.20"]
[SourceVersion "1"]
[SourceVersionDate "2013.11.20"]
[SourceQuality "1"]

1. c4 c5 2. Nc3 Nc6 3. g3 Nf6 4. Bg2 e6 5. d3 Be7 6. e4 e5 7. f4 exf4 8. Bxf4 d6 9. Nf3 Bg4 10. Qd2 Bxf3 11. Bxf3 Ne5 12. Be2 0-0 13. 0-0 Qd7 14. Rae1 Qh3 15. Bxe5 Ng4 16. Bxg4 Qxg4 17. Bf4 Qd7 18. Nd5 Rfe8 19. e5 b5 20. Nxe7+ Rxe7 21. exd6 Re6 22. Rxe6 fxe6 23. Qe3 bxc4 24. dxc4 Re8 25. Qxc5 Qa4 26. b3 1-0

[Event "San Francisco TNM Winter op"]
[Site "San Francisco"]
[Date "2012.01.10"]
[Round "2"]
[White "Rumph, Todd"]
[Black "Abraham, Renjish"]
[Result "1-0"]
[WhiteElo "2168"]
[BlackElo "1843"]
[PlyCount "55"]
[EventDate "2012.01.03"]
[EventType "swiss"]
[EventRounds "8"]
[EventCountry "USA"]
[SourceTitle "EXT 2014"]
[Source "ChessBase"]
[SourceDate "2013.11.20"]
[SourceVersion "1"]
[SourceVersionDate "2013.11.20"]
[SourceQuality "1"]

1. c4 e5 2. g3 Nf6 3. Bg2 Bc5 4. Nc3 Nc6 5. e3 0-0 6. Nge2 Re8 7. 0-0 a5 8. d4 exd4 9. exd4 Ba7 10. Nd5 Nxd5 11. cxd5 Ne7 12. d6 cxd6 13. Nc3 Qb6 14. Re1 Kf8 15. Qe2 Qd8 16. Nb5 Bb8 17. Bf4 Ng6 18. Qxe8+ Qxe8 19. Rxe8+ Kxe8 20. Nxd6+ Bxd6 21. Bxd6 Ra6 22. Bc7 a4 23. d5 Ne7 24. Re1 Kf8 25. Bf1 Rf6 26. Bd8 Nxd5 27. Bxf6 Nxf6 28. Rc1 1-0

[Event "San Francisco TNM Fall op"]
[Site "San Francisco"]
[Date "2011.12.13"]
[Round "9"]
[White "Watson, Farid"]
[Black "Abraham, Renjish"]
[Result "1-0"]
[WhiteElo "2010"]
[BlackElo "1884"]
[PlyCount "103"]
[EventDate "2011.10.18"]
[EventType "swiss"]
[EventRounds "9"]
[EventCountry "USA"]
[SourceTitle "EXT 2016"]
[Source "ChessBase"]
[SourceDate "2015.10.08"]
[SourceVersion "1"]
[SourceVersionDate "2015.10.08"]
[SourceQuality "1"]

1. e4 c5 2. Nf3 d6 3. d4 cxd4 4. Nxd4 Nf6 5. Nc3 g6 6. Be3 Bg7 7. f3 a6 8. Qd2 Nc6 9. 0-0-0 Bd7 10. h4 h5 11. Kb1 Rc8 12. g3 Ne5 13. Be2 b5 14. Rc1 b4 15. Nd1 a5 16. Nf2 Rb8 17. f4 Nc6 18. Rhe1 Nxd4 19. Bxd4 Bc6 20. Bd3 Rb7 21. Nh3 0-0 22. Ng5 Nh7 23. Ba6 Rd7 24. Bxg7 Kxg7 25. f5 Nxg5 26. hxg5 Qb6 27. Bd3 a4 28. c3 Rb7 29. cxb4 a3 30. Qc3+ f6 31. Qxc6 Qxb4 32. Qc3 Qxb2+ 33. Qxb2 Rxb2+ 34. Ka1 fxg5 35. Rc3 Rg2 36. Bb1 gxf5 37. exf5 Kf6 38. Rxa3 h4 39. Re6+ Kf7 40. gxh4 gxh4 41. Rae3 Re8 42. f6 h3 43. Rxe7+ Rxe7 44. fxe7 Ke8 45. Bd3 Rg5 46. Bc4 Re5 47. Rxe5 dxe5 48. Bd5 Kxe7 49. Kb2 Kf6 50. Be4 Kg5 51. Kc3 Kf6 52. a4 1-0

[Event "San Francisco TNM Fall op"]
[Site "San Francisco"]
[Date "2011.11.15"]
[Round "5"]
[White "Abraham, Renjish"]
[Black "Klinetobe, David"]
[Result "1/2-1/2"]
[WhiteElo "1884"]
[BlackElo "2011"]
[PlyCount "85"]
[EventDate "2011.10.18"]
[EventType "swiss"]
[EventRounds "9"]
[EventCountry "USA"]
[SourceTitle "EXT 2016"]
[Source "ChessBase"]
[SourceDate "2015.10.08"]
[SourceVersion "1"]
[SourceVersionDate "2015.10.08"]
[SourceQuality "1"]

1. c4 Nf6 2. Nc3 c5 3. g3 e6 4. Bg2 d5 5. cxd5 exd5 6. d4 cxd4 7. Qxd4 Nc6 8. Qd1 d4 9. Ne4 Bb4+ 10. Bd2 0-0 11. Nxf6+ Qxf6 12. Bxb4 Nxb4 13. Qd2 Qb6 14. a3 Nc6 15. Nf3 Bf5 16. 0-0 Rad8 17. Rac1 Rfe8 18. b4 Qa6 19. Qg5 Rd5 20. Nh4 Be4 21. Qg4 Bxg2 22. Nxg2 Qxa3 23. Nf4 Ne5 24. Rc8 Rdd8 25. Rxd8 Rxd8 26. Qf5 Ng6 27. Nd3 Qa2 28. Qb5 Qd5 29. Qxd5 Rxd5 30. Rc1 Nf8 31. Rc8 b6 32. Kg2 a5 33. bxa5 bxa5 34. Ra8 g6 35. Nc1 Rb5 36. Rd8 a4 37. Rxd4 Ra5 38. Na2 Ne6 39. Rc4 Kg7 40. e4 g5 41. Kf3 h5 42. Ke3 g4 43. f4 1/2-1/2

[Event "San Francisco TNM Summer op"]
[Site "San Francisco"]
[Date "2011.07.05"]
[Round "7"]
[White "Bertot, German"]
[Black "Abraham, Renjish"]
[Result "0-1"]
[WhiteElo "1654"]
[BlackElo "1835"]
[PlyCount "54"]
[EventDate "2011.05.24"]
[EventType "swiss"]
[EventRounds "8"]
[EventCountry "USA"]
[SourceTitle "EXT 2016"]
[Source "ChessBase"]
[SourceDate "2015.10.08"]
[SourceVersion "1"]
[SourceVersionDate "2015.10.08"]
[SourceQuality "1"]

1. d4 Nf6 2. c4 g6 3. Nc3 Bg7 4. e4 d6 5. Be3 0-0 6. Nf3 Nbd7 7. Be2 c5 8. d5 a6 9. a4 Ng4 10. Bd2 Nge5 11. 0-0 Nb6 12. b3 f5 13. Nxe5 Bxe5 14. a5 Nd7 15. exf5 Rxf5 16. Bg4 Rf8 17. Be6+ Kh8 18. Rc1 Bg7 19. Ne4 Qe8 20. Ng5 h6 21. Qg4 Bf6 22. Qh3 Bxg5 23. Bxg5 h5 24. Qc3+ Kh7 25. Rce1 Nf6 26. Bd7 Bxd7 27. Bxf6 Rxf6 0-1

[Event "San Francisco TNM Summer op"]
[Site "San Francisco"]
[Date "2011.06.28"]
[Round "6"]
[White "Abraham, Renjish"]
[Black "Wong, Russell"]
[Result "0-1"]
[WhiteElo "1835"]
[BlackElo "2200"]
[PlyCount "48"]
[EventDate "2011.05.24"]
[EventType "swiss"]
[EventRounds "8"]
[EventCountry "USA"]
[SourceTitle "EXT 2016"]
[Source "ChessBase"]
[SourceDate "2015.10.08"]
[SourceVersion "1"]
[SourceVersionDate "2015.10.08"]
[SourceQuality "1"]

1. c4 e5 2. Nc3 Nc6 3. g3 Bc5 4. Bg2 Nf6 5. Nf3 d6 6. 0-0 a5 7. d3 0-0 8. a3 h6 9. Bd2 Be6 10. Na4 Ba7 11. Qc2 Qd7 12. e3 Bh3 13. b4 Bxg2 14. Kxg2 axb4 15. axb4 Ne7 16. Nc3 g5 17. Ra2 Bb6 18. Na4 Rac8 19. Bc3 Ng6 20. c5 g4 21. cxb6 gxf3+ 22. Kxf3 Qg4+ 23. Kg2 Nh4+ 24. Kg1 Qf3 0-1